Přeskočit na obsah

Журнал Российского права, 2017, № 8 Журнал

Uloženo v:
Podrobná bibliografie
Médium: Журнал
On-line přístup:https://znanium.com/catalog/document?id=330658
https://znanium.com/cover/0882/882943.jpg
Tagy: Přidat tag
Žádné tagy, Buďte první, kdo otaguje tento záznam!
LEADER 01130nam0a2200229 i 4500
001 RU\infra-m\znanium\bibl\882943
003 https://znanium.com/catalog/document?id=330658
005 20250129000000.0
100 |a 20250129d2018 m y0rusy0150 ca 
101 0 |a rus 
102 |a RU 
200 1 |a Журнал Российского права, 2017, № 8  |e Журнал 
210 1 |a Москва  |c ООО "Юридическое издательство Норма"  |d 2017 
215 |a 160 с. 
333 |a Дополнительное профессиональное образование 
606 |a Право. Юридические науки  |x Право. Общие вопросы  |2 local 
608 |a Журнал  |2 local 
675 |a 340  |z rus 
686 |a 67  |2 rubbk 
801 0 |a RU  |b Общество с ограниченной ответственностью «ЗНАНИУМ»  |c 20170316  |2 rusmarc 
856 4 |a znanium.com  |m ebs_support@infra-m.ru  |n НИЦ ИНФРА-М  |u https://znanium.com/catalog/document?id=330658 
856 4 1 |a znanium.com  |d /cover/0882  |f 882943.jpg  |q image/jpeg  |u https://znanium.com/cover/0882/882943.jpg